| 000 | 01100cam a22002054a 4500 | ||
|---|---|---|---|
| 005 | 20250605164223.0 | ||
| 008 | 250528s ||||||||||||||||||||||||d | ||
| 035 | _a20741 | ||
| 020 | _a9607563778 | ||
| 040 |
_aGR-AtMCL _bgre _dGR-AtMCL _eAACR2 |
||
| 245 | 1 | _aΤα Δοκίμια του Warren Buffett / Πρακτική και Στρατηγική των Επιχειρήσεων | |
| 260 |
_bΠοταμός, _c2002 |
||
| 300 | _a392 | ||
| 520 | _aΠρόλογος, Εισαγωγή, Επιχειρησιακός Έλεγχος, Επιχειρησιακή Χρηματοοικονομία και Επενδύσεις, Εναλλακτικές Επενδυτικές Προτάσεις, Κοινές Μετοχές, Συγχωνεύσεις και Εξαγορές, Λογιστική Θεωρία και Οικονομική Αξιολόγηση, Λογιστική Πολιτική και Φορολογικά Θέματα, Επίλογος. | ||
| 700 | 1 |
_aCunningham Lawrence A _96633 |
|
| 700 | 1 |
_aΘεολογίτης Ι. Μ _96710 |
|
| 942 | _cBK | ||
| 999 |
_c5825 _d5825 |
||